Football - Top 10 Meilleurs Buteurs 2024 - Statistiques

Statistiques générales
  • Ce quiz a été pris 1 556 fois
    1 005 depuis la dernière actualisation
  • Le résultat moyen est 8 sur 10
Statistiques - réponses
Classement Buts Nationalité Club Réponse % Correct
5 25 Portugal Al-Nassr Cristiano Ronaldo
99%
4 26 Norvège Manchester City Erlinh Haaland
98%
2 29 Angleterre Bayern Munich Harry Kane
98%
3 27 Pologne FC Barcelone Robert Lewandowski
96%
7 25 Canada LOSC Lille Jonathan David
90%
6 25 Angleterre Chelsea Cole Palmer
89%
1 36 Suède Sporting CP Viktor Gyokeres
86%
8 24 Norvège Villareal CF Alexander Sorloth
61%
10 23 Serbie Al-Hilal Aleksandar Mitrovic
56%
9 23 Pays-Bas PSV Eindhoven Luuk De Jong
41%
Aucun quiz correspondant
Distribution des résultats
% des personnes avec chaque résultat
Percentile par nombre de réponses
Votre historique - résultats
Vous n’avez pas pris ce quiz depuis la dernière actualisation